[Event "26th WSCC 2016 Open 50+"]
[Site "Marianske Lazne, Czech Republic - Hotel Cristal and Continental"]
[Date "2016.11.21"]
[Round "3.75"]
[White "Bauer, Matthias"]
[Black "Arias Castanedo, Jacinto"]
[Result "0-1"]
[WhiteElo "1688"]
[BlackElo "1857"]
[PlyCount "72"]
[EventDate "2016.11.19"]

1. c4 e6 2. b3 d5 3. e3 Nf6 4. Bb2 Be7 5. Nf3 Nbd7 6. d4 O-O 7. Nc3 c6 8. Bd3
Ng4 9. h3 Nh6 10. cxd5 exd5 11. Qc2 g6 12. O-O-O f5 13. g4 Qe8 14. g5 Nf7 15.
h4 Nd6 16. Ne5 Ne4 17. f4 Ng3 18. Rh3 Nh5 19. Be2 Nxe5 20. dxe5 Be6 21. Rg1 Kh8
22. Qd1 Rg8 23. Kb1 Rd8 24. Bxh5 gxh5 25. Ne2 c5 26. Ng3 d4 27. exd4 cxd4 28.
Nxh5 Qc6 29. Rhg3 Bf7 30. Ka1 Qe4 31. Bc1 d3 32. Bd2 Qd4+ 33. Kb1 Ba3 34. Bc1
Bxc1 35. Kxc1 Rc8+ 36. Kb1 Rc2 0-1

[Event "26th WSCC 2016 Open 50+"]
[Site "Marianske Lazne, Czech Republic - Hotel Cristal and Continental"]
[Date "2016.11.21"]
[Round "3.76"]
[White "Serafim Junior, Arnor"]
[Black "Horackova, Isabela"]
[Result "1-0"]
[WhiteElo "1846"]
[BlackElo "1165"]
[PlyCount "49"]
[EventDate "2016.11.19"]

1. c4 e5 2. Nc3 Nf6 3. g3 Be7 4. Bg2 c6 5. d4 exd4 6. Qxd4 c5 7. Qd3 d6 8. Nf3
Nc6 9. O-O Be6 10. Ng5 Ne5 11. Nxe6 fxe6 12. Qc2 O-O 13. b3 Rb8 14. Bb2 a6 15.
Rad1 Qc7 16. Bh3 Qc8 17. Nd5 Bd8 18. Nf4 Qc6 19. Nxe6 Qd7 20. Bxe5 Qe7 21. Bxd6
Qf7 22. Nxf8 Kh8 23. Bxb8 Qh5 24. Rxd8 Qxh3 25. Ng6# 1-0

[Event "26th WSCC 2016 Open 50+"]
[Site "Marianske Lazne, Czech Republic - Hotel Cristal and Continental"]
[Date "2016.11.21"]
[Round "3.78"]
[White "Bastyr, Pavel"]
[Black "Lavrincik, Pavel"]
[Result "1/2-1/2"]
[WhiteElo "1462"]
[BlackElo "1837"]
[PlyCount "120"]
[EventDate "2016.11.19"]

1. d4 d6 2. Nf3 Nf6 3. c4 g6 4. Nc3 Bg7 5. g3 O-O 6. Bg2 Nbd7 7. O-O e5 8. dxe5
dxe5 9. Bg5 h6 10. Be3 Ng4 11. Qc1 Nxe3 12. Qxe3 c6 13. Rad1 Qe7 14. Nd2 Nf6
15. Nde4 Nxe4 16. Nxe4 Be6 17. Qc1 Qb4 18. b3 a5 19. Rd3 a4 20. a3 Qe7 21. b4
Rfd8 22. Rfd1 Rd4 23. Rxd4 exd4 24. Nc5 Bf5 25. Re1 Qc7 26. Qd1 Ra7 27. Nxa4 b5
28. cxb5 cxb5 29. Nc5 Rxa3 30. Qc1 Rc3 31. Qa1 Rc4 32. Qa3 Bf8 33. Qa8 Qc8 34.
Nd3 Qxa8 35. Bxa8 Bxb4 36. Rb1 Rc8 37. Rxb4 Rxa8 38. Rxb5 Bh3 39. Rb1 Ra2 40.
Re1 Bf5 41. Kg2 Be4+ 42. Kf1 Bxd3 43. exd3 Rd2 44. Re8+ Kg7 45. Rd8 Rxd3 46.
Ke2 Ra3 47. Rxd4 h5 48. h4 $11 Kf6 49. Rf4+ Ke6 50. Re4+ Kd6 51. f3 Rb3 52. Kf2
Ra3 53. g4 hxg4 54. fxg4 Rh3 55. g5 Ra3 56. Rf4 Ke6 57. Rf6+ Ke7 58. Rf3 Ra4
59. Kg3 Rb4 60. Rf4 Rb3+ 1/2-1/2

[Event "26th WSCC 2016 Open 50+"]
[Site "Marianske Lazne, Czech Republic - Hotel Cristal and Continental"]
[Date "2016.11.21"]
[Round "3.81"]
[White "Kabyzhanov, Bulat"]
[Black "Hajsman, Ladislav"]
[Result "1/2-1/2"]
[WhiteElo "2039"]
[BlackElo "1784"]
[PlyCount "128"]
[EventDate "2016.11.19"]

1. d4 d5 2. c4 e6 3. Nc3 Nf6 4. Nf3 Nbd7 5. e3 c6 6. Bd3 Be7 7. O-O O-O 8. b3
Qc7 9. Bb2 h6 10. Qe2 Re8 11. Rad1 b6 12. Rfe1 Bb7 13. e4 dxe4 14. Nxe4 Rad8
15. d5 cxd5 16. cxd5 Bxd5 17. Rc1 Qb7 18. Ba6 Qa8 19. Nxf6+ Nxf6 20. Be5 Bxf3
21. gxf3 Nd5 22. Bb5 Rc8 23. Bxe8 Rxe8 24. Rc4 Qd8 25. Rg4 Bf6 26. Qb2 Bxe5 27.
Qxe5 Qf6 28. Qxf6 Nxf6 29. Ra4 a5 30. Rd4 Rc8 31. Red1 Nd5 32. Rc4 Rb8 33. Rdc1
g5 34. Rc8+ Rxc8 35. Rxc8+ Kg7 36. Kf1 Kf6 37. Rb8 h5 38. Ke2 h4 39. Kd3 Ke5
40. a4 Kf4 41. Ke2 Nc3+ 42. Kf1 Nd5 43. Kg2 Kf5 44. Rc8 Nf4+ 45. Kf1 Nd5 46.
Ke2 Nf4+ 47. Kd2 Nd5 48. Rc4 Nf4 49. b4 axb4 50. Rxb4 Nd5 51. Rc4 Ke5 52. Kc2
Kf5 53. Kb3 Ke5 54. Rg4 Kf5 55. Kc4 Nf6 56. Kb5 Nxg4 57. fxg4+ Kxg4 58. Kxb6
Kh3 59. a5 Kxh2 60. a6 Kg1 61. a7 h3 62. a8=Q h2 63. Qa1+ Kg2 64. Qa8+ Kg1
1/2-1/2

[Event "26th WSCC 2016 Open 50+"]
[Site "Marianske Lazne, Czech Republic - Hotel Cristal and Continental"]
[Date "2016.11.22"]
[Round "4.1"]
[White "Danielsen, Henrik"]
[Black "Bagaturov, Giorgi"]
[Result "1-0"]
[WhiteElo "2477"]
[BlackElo "2410"]
[PlyCount "113"]
[EventDate "2016.11.19"]

1. Nf3 Nf6 2. c4 e6 3. g3 d5 4. Bg2 Be7 5. O-O O-O 6. d4 c6 7. b3 b6 8. Bb2 Bb7
9. Nc3 Nbd7 10. Re1 c5 11. cxd5 Nxd5 12. Nxd5 Bxd5 13. e4 Bb7 14. d5 exd5 15.
exd5 Bf6 16. Ne5 Bxe5 17. Bxe5 Nxe5 18. Rxe5 Re8 19. f4 Qd7 20. Qd3 f6 21. Ree1
Qd6 22. Rad1 Rad8 23. Rxe8+ Rxe8 24. Bh3 Bc8 25. Bxc8 Rxc8 26. Qe2 Rd8 27. Kf2
g6 28. Qa6 Rd7 29. Qc8+ Kg7 30. Qc6 Kf7 31. Qc8 Re7 32. Qh8 f5 33. Qxh7+ Ke8
34. Qg8+ Kd7 35. Qa8 a5 36. Qb7+ Kd8 37. Qa8+ Kc7 38. Rd2 Re4 39. Qa7+ Kd8 40.
Kf3 Ke8 41. Qg7 Kd8 42. Qb7 Qf6 43. Kg2 Qd6 44. Kh3 Re3 45. Kg2 Re4 46. h4 Re3
47. Qg7 Kc8 48. h5 gxh5 49. Qh8+ Kb7 50. Qxh5 Qd7 51. Kf2 Re4 52. d6 Re6 53.
Qxf5 Re2+ 54. Kxe2 Qxf5 55. d7 Qh5+ 56. Ke3 Qh3 57. d8=Q 1-0

[Event "26th WSCC 2016 Open 50+"]
[Site "Marianske Lazne, Czech Republic - Hotel Cristal and Continental"]
[Date "2016.11.22"]
[Round "4.2"]
[White "Tunik, Gennady"]
[Black "Arkell, Keith C"]
[Result "1/2-1/2"]
[WhiteElo "2404"]
[BlackElo "2450"]
[PlyCount "97"]
[EventDate "2016.11.19"]

1. d4 e6 2. c4 Bb4+ 3. Bd2 Bxd2+ 4. Qxd2 Nf6 5. Nc3 d5 6. e3 O-O 7. Nf3 Nbd7 8.
Rc1 Qe7 9. a3 Rd8 10. Qc2 a6 11. cxd5 exd5 12. Bd3 c6 13. O-O g6 14. Na4 Ne8
15. Rfe1 Nd6 16. Nd2 Nf8 17. Nb6 Rb8 18. Nxc8 Rbxc8 19. a4 Nd7 20. Nb3 Re8 21.
Nc5 Nxc5 22. Qxc5 f5 23. b4 b5 24. axb5 axb5 25. Ra1 Nc4 26. Qxe7 Rxe7 27. g3
Kf7 28. Ra6 Ke6 29. Rea1 Kd6 30. Kg2 Rf8 31. h4 Rfe8 32. h5 Rf8 33. hxg6 hxg6
34. Rh1 Kc7 35. Kf3 Nd2+ 36. Ke2 Nc4 37. Ra7+ Kd6 38. Ra2 g5 39. Ra6 Rf6 40.
Rh8 f4 41. Rc8 Rc7 42. Rxc7 Kxc7 43. Bxc4 f3+ 44. Kd2 bxc4 45. b5 g4 46. Kc3
Rd6 47. bxc6 Rxc6 48. Rxc6+ Kxc6 49. Kb4 1/2-1/2

[Event "26th WSCC 2016 Open 50+"]
[Site "Marianske Lazne, Czech Republic - Hotel Cristal and Continental"]
[Date "2016.11.22"]
[Round "4.3"]
[White "Akesson, Ralf"]
[Black "Konopka, Michal"]
[Result "1-0"]
[WhiteElo "2416"]
[BlackElo "2396"]
[PlyCount "95"]
[EventDate "2016.11.19"]

1. c4 e6 2. d4 d5 3. Nf3 c6 4. Qc2 Nf6 5. e3 Nbd7 6. Nc3 Bd6 7. Be2 O-O 8. b3
b6 9. O-O Bb7 10. Bb2 Qe7 11. Rad1 Rad8 12. Rfe1 Rfe8 13. h3 Ba3 14. Bxa3 Qxa3
15. Nd2 Qe7 16. e4 dxe4 17. Ndxe4 c5 18. dxc5 Nxe4 19. Nxe4 Bxe4 20. Qxe4 Nxc5
21. Qc6 e5 22. Bf1 f6 23. Rxd8 Rxd8 24. f4 Rd6 25. Qc8+ Rd8 26. Qg4 g6 27. fxe5
fxe5 28. Qg3 Re8 29. b4 Nd7 30. Qc3 e4 31. c5 Qf6 32. Qc4+ Kg7 33. Qd5 Qe6 34.
Qxe6 Rxe6 35. Bb5 Nf6 36. c6 Ne8 37. Rd1 Re7 38. Kf2 Nc7 39. Bc4 b5 40. Bb3 Kf6
41. Ke3 Ne8 42. Rd7 Nc7 43. Rd4 Ne8 44. g4 Rc7 45. Rxe4 Ng7 46. Bd5 h5 47. Kd4
hxg4 48. hxg4 1-0

[Event "26th WSCC 2016 Open 50+"]
[Site "Marianske Lazne, Czech Republic - Hotel Cristal and Continental"]
[Date "2016.11.22"]
[Round "4.4"]
[White "Vlassov, Nikolai"]
[Black "Tesar, Jan"]
[Result "1-0"]
[WhiteElo "2415"]
[BlackElo "2072"]
[PlyCount "79"]
[EventDate "2016.11.19"]

1. e4 c5 2. c3 d6 3. d4 Nf6 4. Bd3 g6 5. dxc5 Nc6 6. cxd6 Bg7 7. dxe7 Qxe7 8.
Qe2 O-O 9. Bg5 Ne5 10. Bc2 Bg4 11. f3 Be6 12. Nd2 h6 13. Be3 Rfd8 14. f4 Rxd2
15. Bxd2 Bc4 16. Qe3 Neg4 17. Qf3 Bd5 18. O-O-O Bxe4 19. Bxe4 Qxe4 20. Nh3 Qc4
21. Kb1 Rc8 22. Rhe1 b5 23. Re7 b4 24. Qe2 Qc5 25. c4 Bf8 26. Rb7 Qf5+ 27. Ka1
Re8 28. Qf3 Nxh2 29. Qb3 a5 30. Nf2 Nd7 31. Qd3 Qxd3 32. Nxd3 Nf6 33. c5 Rd8
34. Be3 Nhg4 35. Bg1 Nd5 36. Ne5 Nxe5 37. fxe5 Bg7 38. c6 Bxe5 39. Rd7 Re8 40.
R7xd5 1-0

[Event "26th WSCC 2016 Open 50+"]
[Site "Marianske Lazne, Czech Republic - Hotel Cristal and Continental"]
[Date "2016.11.22"]
[Round "4.5"]
[White "Reprintsev, Alexander"]
[Black "Sturua, Zurab"]
[Result "1-0"]
[WhiteElo "2321"]
[BlackElo "2556"]
[PlyCount "101"]
[EventDate "2016.11.19"]

1. Nc3 e5 2. d4 exd4 3. Qxd4 Nc6 4. Qa4 Bb4 5. Bd2 Nge7 6. a3 Ba5 7. O-O-O d6
8. Nf3 Bd7 9. e3 a6 10. Bd3 Ng6 11. Qe4+ Nce7 12. Qxb7 Bb6 13. Qe4 d5 14. Nxd5
Bc6 15. c4 f5 16. Qe6 Bd7 17. Nf6+ gxf6 18. Qxf6 Ba4 19. Ng5 Rf8 20. Qc3 Nd5
21. cxd5 Qxg5 22. b3 Bd7 23. e4 Qe7 24. exf5 Qxa3+ 25. Kb1 Ne7 26. Bh6 O-O-O
27. Bxf8 Rxf8 28. g4 Kb8 29. Bc4 Nc8 30. Rd2 a5 31. Qg7 Rd8 32. d6 Nxd6 33. Qe7
Bxf5+ 34. gxf5 Rc8 35. Qe5 Qb4 36. Qb2 Rf8 37. Rhd1 a4 38. Rd5 a3 39. Qd2 Qxd2
40. R1xd2 Kb7 41. Bd3 Re8 42. Re2 Rf8 43. Ka2 h5 44. b4 Kc6 45. Rde5 Bd4 46.
Re7 Bb6 47. Kxa3 Nxf5 48. b5+ Kb7 49. Re8 Rxe8 50. Rxe8 Nd6 51. Rh8 1-0

[Event "26th WSCC 2016 Open 50+"]
[Site "Marianske Lazne, Czech Republic - Hotel Cristal and Continental"]
[Date "2016.11.22"]
[Round "4.6"]
[White "Matamoros Franco, Carlos S"]
[Black "Boulard, Eric"]
[Result "1/2-1/2"]
[WhiteElo "2495"]
[BlackElo "2245"]
[PlyCount "62"]
[EventDate "2016.11.19"]

1. c4 f5 2. Nf3 g6 3. d4 Bg7 4. b4 Nf6 5. Bb2 O-O 6. g3 c6 7. a4 Ne4 8. Nbd2 d5
9. e3 Kh8 10. h4 Bf6 11. Ne5 Nxd2 12. Qxd2 Be6 13. c5 Nd7 14. Nd3 Bf7 15. Be2
Qe8 16. g4 fxg4 17. Bxg4 Bg7 18. Be2 e5 19. dxe5 Nxe5 20. Nxe5 Bxe5 21. Bd4 Qe7
22. Rg1 Qf6 23. Rd1 Be6 24. Bxe5 Qxe5 25. Qd4 Qxd4 26. Rxd4 Bf5 27. h5 b6 28.
hxg6 Bxg6 29. cxb6 axb6 30. b5 c5 31. Rxd5 Rxa4 1/2-1/2

[Event "26th WSCC 2016 Open 50+"]
[Site "Marianske Lazne, Czech Republic - Hotel Cristal and Continental"]
[Date "2016.11.22"]
[Round "4.7"]
[White "Brito, Luismar"]
[Black "Ivanov, Alexander"]
[Result "1/2-1/2"]
[WhiteElo "2242"]
[BlackElo "2478"]
[PlyCount "61"]
[EventDate "2016.11.19"]

1. e4 b6 2. d4 Bb7 3. Bd3 Nf6 4. Qe2 Nc6 5. c3 e5 6. d5 Ne7 7. Nf3 Ng6 8. h4 h5
9. Bg5 Be7 10. g3 c6 11. c4 Ng4 12. Nc3 f6 13. Bd2 Bc5 14. Nd1 Qe7 15. Ne3 Bxe3
16. Bxe3 Nxe3 17. Qxe3 O-O 18. O-O-O b5 19. Kb1 a6 20. c5 cxd5 21. exd5 Qf7 22.
Bc2 Rfd8 23. Bb3 d6 24. c6 Bc8 25. Bc2 Ne7 26. Rd2 Bf5 27. Bxf5 Nxf5 28. Qd3
Ne7 29. Rc1 Nc8 30. Qe3 Ra7 31. Ne1 1/2-1/2

[Event "26th WSCC 2016 Open 50+"]
[Site "Marianske Lazne, Czech Republic - Hotel Cristal and Continental"]
[Date "2016.11.22"]
[Round "4.8"]
[White "Mohr, Georg"]
[Black "Urban, Zdenek"]
[Result "1-0"]
[WhiteElo "2461"]
[BlackElo "2205"]
[PlyCount "111"]
[EventDate "2016.11.19"]

1. e4 d6 2. Nc3 Nf6 3. f4 c5 4. Nf3 Nc6 5. d4 cxd4 6. Nxd4 Bg4 7. Be2 Bxe2 8.
Ndxe2 e6 9. Be3 Ng4 10. Bg1 Be7 11. h3 Nf6 12. Be3 a6 13. a4 Rc8 14. O-O O-O
15. Qd2 Qc7 16. Rad1 Na5 17. b3 Rfd8 18. Qe1 d5 19. exd5 Bb4 20. Bd4 Bc5 21.
Kh1 Bxd4 22. Rxd4 exd5 23. Qd2 Ne4 24. Nxe4 dxe4 25. Ng3 Rxd4 26. Qxd4 Qxc2 27.
Nf5 Qc3 28. Qxe4 Nc6 29. Nd6 Rb8 30. Rf3 Qd4 31. Qxd4 Nxd4 32. Rd3 Nc6 33. Rc3
g6 34. g3 h5 35. Kg2 Kf8 36. g4 Ke7 37. Nxb7 Rxb7 38. Rxc6 hxg4 39. hxg4 Rxb3
40. Rxa6 Ra3 41. Kf2 f5 42. g5 Kf7 43. a5 Kg7 44. Ra7+ Kf8 45. Ke2 Kg8 46. a6
Kf8 47. Kd2 Ke8 48. Ra8+ Kf7 49. Kc2 Kg7 50. Kb2 Ra5 51. Ra7+ Kg8 52. Kb3 Ra1
53. Kc4 Ra4+ 54. Kb5 Rxf4 55. Rb7 Rf1 56. a7 1-0

[Event "26th WSCC 2016 Open 50+"]
[Site "Marianske Lazne, Czech Republic - Hotel Cristal and Continental"]
[Date "2016.11.22"]
[Round "4.9"]
[White "Yakimenko, Alexander A"]
[Black "Bruno, Fabio"]
[Result "0-1"]
[WhiteElo "2240"]
[BlackElo "2435"]
[PlyCount "160"]
[EventDate "2016.11.19"]

1. d4 Nf6 2. c4 e6 3. Nc3 Bb4 4. Qc2 O-O 5. a3 Bxc3+ 6. Qxc3 b6 7. Bg5 Bb7 8.
e3 d6 9. Nf3 Nbd7 10. Bd3 c5 11. O-O Rc8 12. dxc5 Nxc5 13. Bxf6 Qxf6 14. Qxf6
gxf6 15. Be2 Rfd8 16. Nd4 Kf8 17. Rac1 Ke7 18. Rfd1 f5 19. Kf1 Rd7 20. b4 Ne4
21. f3 Nf6 22. Rd2 Nd5 23. Kf2 f4 24. exf4 Nxf4 25. Bf1 Ng6 26. Nb5 Bc6 27. Nd4
Ne5 28. Nxc6+ Nxc6 29. f4 Rdc7 30. Rcd1 Rd8 31. Rb2 h6 32. Rb3 Rcc8 33. Rh3 Rh8
34. Be2 a5 35. Rhd3 axb4 36. Rxd6 bxa3 37. Rd7+ Kf6 38. Bh5 Rhf8 39. Ra1 Ne7
40. Rxa3 Rxc4 41. Raa7 Rxf4+ 42. Kg3 Rf5 43. Bg4 Rg5 44. Rxe7 h5 45. h3 hxg4
46. hxg4 Rb5 47. Reb7 Rb3+ 48. Kf4 Kg6 49. Ke4 b5 50. Kf4 Rb4+ 51. Kf3 Rb3+ 52.
Kf4 Rb4+ 53. Kf3 Kg5 54. Ra5 Rf4+ 55. Ke3 Kxg4 56. Raxb5 Ra8 57. Rb2 Ra3+ 58.
Ke2 e5 59. Rb8 f6 60. Rg8+ Kf5 61. Rgb8 Rg3 62. Ke1 Re3+ 63. Kd2 Rfe4 64. R8b6
Re2+ 65. Kd1 Re1+ 66. Kd2 R4e2+ 67. Kd3 e4+ 68. Kd4 Rd1+ 69. Kc3 Rd3+ 70. Kc4
Rxb2 71. Rxb2 Kg4 72. Rb8 Kf4 73. Ra8 f5 74. Rb8 Rd7 75. Kc3 Ke3 76. Kc4 f4 77.
Rb3+ Kf2 78. Rb2+ Kg3 79. Ra2 e3 80. Kc3 Rd2 0-1

[Event "26th WSCC 2016 Open 50+"]
[Site "Marianske Lazne, Czech Republic - Hotel Cristal and Continental"]
[Date "2016.11.22"]
[Round "4.10"]
[White "Yuferev, Oleg"]
[Black "Kalegin, Evgenij"]
[Result "1-0"]
[WhiteElo "2239"]
[BlackElo "2420"]
[PlyCount "127"]
[EventDate "2016.11.19"]

1. Nf3 Nf6 2. c4 g6 3. Nc3 Bg7 4. e4 d6 5. d4 O-O 6. Be2 e5 7. dxe5 dxe5 8.
Qxd8 Rxd8 9. Bg5 Nbd7 10. O-O-O Rf8 11. Nd5 c6 12. Ne7+ Kh8 13. Be3 Re8 14.
Nxc8 Raxc8 15. g4 Nf8 16. Nd2 Ne6 17. g5 Nd7 18. Bg4 Rc7 19. Bxe6 Rxe6 20. Nb3
b6 21. Rd3 f5 22. Rhd1 Re7 23. c5 Bf8 24. exf5 gxf5 25. f4 Kg8 26. fxe5 Nxe5
27. Rd8 Nf7 28. cxb6 axb6 29. Bxb6 Rb7 30. Rxf8+ Kxf8 31. Bc5 Kg7 32. Bxe7 Rxe7
33. Nd4 Kg6 34. Rf1 Nd6 35. Nf3 c5 36. Rd1 Re6 37. Rd5 Ne4 38. Kc2 Ra6 39. a3
c4 40. Nh4+ Kxg5 41. Rxf5+ Kg4 42. Re5 Kf4 43. Rh5 h6 44. Rf5+ Kg4 45. Re5 Kf4
46. Re7 c3 47. Ng2+ Kf3 48. Ne1+ Ke3 49. Nd3 Rd6 50. Nc5 Rd2+ 51. Kc1 cxb2+ 52.
Kb1 Kd4 53. Nxe4 Rxh2 54. a4 Rg2 55. a5 Rg6 56. Kxb2 Ra6 57. Nd2 Rg6 58. Nb3+
Kc4 59. Rb7 h5 60. Ka3 Rh6 61. Rb4+ Kd5 62. Rh4 Ke5 63. Kb4 Kf5 64. Nd4+ 1-0

[Event "26th WSCC 2016 Open 50+"]
[Site "Marianske Lazne, Czech Republic - Hotel Cristal and Continental"]
[Date "2016.11.22"]
[Round "4.11"]
[White "Kilicaslan, Hasan"]
[Black "Vokac, Marek"]
[Result "1/2-1/2"]
[WhiteElo "2225"]
[BlackElo "2391"]
[PlyCount "39"]
[EventDate "2016.11.19"]

1. d4 g6 2. Nf3 Bg7 3. c3 d6 4. h4 h6 5. Bf4 Nd7 6. e4 e5 7. dxe5 dxe5 8. Bg3
Qe7 9. h5 g5 10. Nbd2 Ngf6 11. Qc2 O-O 12. O-O-O Ng4 13. Be2 Nc5 14. Nh2 Nxh2
15. Bxh2 a5 16. f3 Be6 17. Bc4 Rfd8 18. Bxe6 Qxe6 19. Nb3 Bf8 20. Rxd8 1/2-1/2

[Event "26th WSCC 2016 Open 50+"]
[Site "Marianske Lazne, Czech Republic - Hotel Cristal and Continental"]
[Date "2016.11.22"]
[Round "4.12"]
[White "Chudinovskikh, Alexander M"]
[Black "Ginsburg, Mark"]
[Result "1-0"]
[WhiteElo "2219"]
[BlackElo "2340"]
[PlyCount "81"]
[EventDate "2016.11.19"]

1. d4 Nf6 2. Nf3 g6 3. g3 Bg7 4. Bg2 O-O 5. O-O d6 6. Nc3 Nbd7 7. e4 e5 8. Re1
exd4 9. Nxd4 Re8 10. h3 Nc5 11. Nb3 Nxb3 12. axb3 Bd7 13. Be3 Qc8 14. Kh2 Re5
15. f4 Re8 16. Bxa7 Bc6 17. Bf2 Rxa1 18. Qxa1 h5 19. Nd5 Nxd5 20. exd5 Bd7 21.
c3 Rxe1 22. Qxe1 Qa8 23. Qe7 Bf5 24. Qxc7 Qa2 25. Qd8+ Kh7 26. Qe7 Qxb2 27. Bd4
Bxd4 28. cxd4 Kg8 29. Qd8+ Kh7 30. Qc7 Kg8 31. Qb8+ Kg7 32. Qxd6 Qxb3 33. Qe5+
Kg8 34. Qe8+ Kg7 35. d6 h4 36. gxh4 Qd3 37. d7 Bxd7 38. Qxd7 b5 39. Qd6 Kh7 40.
d5 Qc4 41. Qf6 1-0

[Event "26th WSCC 2016 Open 50+"]
[Site "Marianske Lazne, Czech Republic - Hotel Cristal and Continental"]
[Date "2016.11.22"]
[Round "4.13"]
[White "Barle, Janez"]
[Black "Schneider, Alexander"]
[Result "1-0"]
[WhiteElo "2303"]
[BlackElo "2058"]
[PlyCount "83"]
[EventDate "2016.11.19"]

1. e4 c6 2. d4 d5 3. e5 Bf5 4. h4 h6 5. g4 Bd7 6. h5 Qc8 7. f3 e6 8. f4 c5 9.
c3 cxd4 10. cxd4 Bb4+ 11. Bd2 Bxd2+ 12. Qxd2 b5 13. Nc3 a6 14. Bd3 Ne7 15. Nf3
Nbc6 16. Kf2 Qb7 17. Rac1 O-O-O 18. a4 b4 19. Nb5 axb5 20. axb5 Kb8 21. bxc6
Bxc6 22. Rc5 Qb6 23. Ra1 Rc8 24. Ra6 Qb7 25. Raa5 Kc7 26. Rab5 Qa7 27. Qxb4
Rhd8 28. Ra5 Qb6 29. Qa3 Kd7 30. Ra6 Qb8 31. Ra7+ Rc7 32. Rxc7+ Qxc7 33. b4 Ra8
34. Qb2 Qb6 35. Kg3 Kd8 36. f5 Ra4 37. f6 gxf6 38. exf6 Ng8 39. Qc2 Bd7 40. Ne5
Nxf6 41. Nxd7 Nxd7 42. Qxa4 1-0

[Event "26th WSCC 2016 Open 50+"]
[Site "Marianske Lazne, Czech Republic - Hotel Cristal and Continental"]
[Date "2016.11.22"]
[Round "4.14"]
[White "Gayson, Peter M"]
[Black "Petran, Peter"]
[Result "1/2-1/2"]
[WhiteElo "2127"]
[BlackElo "2302"]
[PlyCount "85"]
[EventDate "2016.11.19"]

1. e4 g6 2. d4 Bg7 3. Nc3 d6 4. Be3 a6 5. Qd2 b5 6. h4 h5 7. Nh3 Bxh3 8. Rxh3
Nf6 9. f3 Nbd7 10. O-O-O Qc8 11. Kb1 Nb6 12. e5 Nfd5 13. Nxd5 Nxd5 14. Bd3 dxe5
15. dxe5 c6 16. Be4 e6 17. f4 Bf8 18. Qf2 Be7 19. Bc5 Qb7 20. Bxe7 Qxe7 21.
Bxd5 cxd5 22. Rc3 O-O 23. g3 Rfc8 24. Rxc8+ Rxc8 25. Qb6 Qc7 26. Qf2 b4 27. Rc1
a5 28. g4 hxg4 29. h5 Qc4 30. hxg6 Qe4 31. gxf7+ Kxf7 32. Qa7+ Kf8 33. Qa6 Re8
34. f5 Qxe5 35. fxe6 Qxe6 36. Qxa5 Qe4 37. Qc7 Re7 38. Qb8+ Kg7 39. b3 Re8 40.
Qc7+ Re7 41. Qd6 Re6 42. Qc7+ Re7 43. Qd6 1/2-1/2

[Event "26th WSCC 2016 Open 50+"]
[Site "Marianske Lazne, Czech Republic - Hotel Cristal and Continental"]
[Date "2016.11.22"]
[Round "4.15"]
[White "Kolesar, Milan"]
[Black "Haba, Petr"]
[Result "1/2-1/2"]
[WhiteElo "2194"]
[BlackElo "2472"]
[PlyCount "64"]
[EventDate "2016.11.19"]

1. Nf3 d5 2. d4 Nf6 3. c4 e6 4. Nc3 c6 5. e3 Nbd7 6. Bd3 dxc4 7. Bxc4 b5 8. Bd3
Bd6 9. e4 e5 10. dxe5 Nxe5 11. Nxe5 Bxe5 12. O-O Ng4 13. h3 Qh4 14. Be2 Nh2 15.
Re1 Bxh3 16. gxh3 Rd8 17. Nd5 Rd6 18. Bh5 O-O 19. Be3 cxd5 20. Bc5 Rh6 21. Bxf8
Rxh5 22. Be7 Qxh3 23. Re3 Nf3+ 24. Qxf3 Bh2+ 25. Kh1 Bg3+ 26. Kg1 Bh2+ 27. Kh1
Bg3+ 28. Kg1 dxe4 29. Rd1 Bh2+ 30. Kh1 Bg3+ 31. Kg1 Bh2+ 32. Kh1 Bg3+ 1/2-1/2

[Event "26th WSCC 2016 Open 50+"]
[Site "Marianske Lazne, Czech Republic - Hotel Cristal and Continental"]
[Date "2016.11.22"]
[Round "4.16"]
[White "Pastircak, Milan"]
[Black "Madeira, Wagner Martins"]
[Result "1-0"]
[WhiteElo "2362"]
[BlackElo "2172"]
[PlyCount "117"]
[EventDate "2016.11.19"]

1. e4 e5 2. Nf3 Nc6 3. Bb5 Nf6 4. d3 d6 5. c3 Be7 6. Nbd2 O-O 7. Nf1 a6 8. Bxc6
bxc6 9. Ng3 Re8 10. O-O Bf8 11. Re1 c5 12. h3 g6 13. Be3 h6 14. Qc2 Bb7 15.
Rad1 Qd7 16. Bc1 Qc6 17. b3 Nd7 18. Be3 Kh7 19. Qb1 a5 20. d4 Bg7 21. d5 Qa6
22. a4 Bc8 23. c4 Nf6 24. Qd3 Bd7 25. Bd2 Ng8 26. Bc3 Rf8 27. Nd2 f5 28. exf5
Bxf5 29. Nde4 Rab8 30. Rb1 Nf6 31. Nxf5 Nxe4 32. Nxg7 Nxc3 33. Ne6 Nxb1 34.
Nxf8+ Rxf8 35. Qxb1 Qc8 36. Re3 Qb8 37. Qe1 Qb6 38. g3 g5 39. Kg2 Kg7 40. Qc3
Rf6 41. f3 Qb4 42. Qxb4 cxb4 43. Re4 Kf7 44. Kf2 Ke7 45. Ke3 Kd7 46. h4 gxh4
47. Rxh4 c5 48. Rg4 Kc7 49. Rg7+ Kb8 50. Re7 Rg6 51. g4 h5 52. Re6 Rg5 53. gxh5
Rxh5 54. Rxd6 Rh1 55. Rb6+ Kc7 56. Rc6+ Kd7 57. Rxc5 Rb1 58. Rxa5 Rxb3+ 59. Ke4
1-0

[Event "26th WSCC 2016 Open 50+"]
[Site "Marianske Lazne, Czech Republic - Hotel Cristal and Continental"]
[Date "2016.11.22"]
[Round "4.17"]
[White "Buchal, Stephan"]
[Black "Koehler, Gerhard"]
[Result "1/2-1/2"]
[WhiteElo "2339"]
[BlackElo "2182"]
[PlyCount "77"]
[EventDate "2016.11.19"]

1. c4 Nf6 2. g3 g6 3. Bg2 Bg7 4. Nc3 O-O 5. e4 d6 6. Nge2 c5 7. O-O Nc6 8. d3
Rb8 9. h3 a6 10. a4 Ne8 11. Be3 Nc7 12. d4 cxd4 13. Nxd4 Nxd4 14. Bxd4 Bxd4 15.
Qxd4 Ne6 16. Qe3 Bd7 17. Nd5 Bc6 18. Rfd1 Bxd5 19. exd5 Ng7 20. a5 b6 21. axb6
Rxb6 22. Rdb1 a5 23. Qc3 Rb4 24. c5 dxc5 25. Qxc5 Nf5 26. Rxa5 Qb8 27. Ra8 Qd6
28. Rxf8+ Kxf8 29. Qc3 f6 30. Re1 Qb8 31. Re2 Rb3 32. Qc1 Qa7 33. Kh2 Kg7 34.
Qc4 Qb8 35. Qc1 h5 36. Kg1 Qa7 37. Kh2 Qb8 38. Kg1 Qa7 39. Kh2 1/2-1/2

[Event "26th WSCC 2016 Open 50+"]
[Site "Marianske Lazne, Czech Republic - Hotel Cristal and Continental"]
[Date "2016.11.22"]
[Round "4.18"]
[White "Barron, Michael"]
[Black "Grigoryan, Karen"]
[Result "0-1"]
[WhiteElo "2189"]
[BlackElo "2332"]
[PlyCount "72"]
[EventDate "2016.11.19"]

1. e4 c5 2. Nf3 e6 3. d4 cxd4 4. Nxd4 Nc6 5. Nc3 Qc7 6. Be2 Nf6 7. O-O a6 8.
Be3 Bb4 9. Na4 O-O 10. Nxc6 bxc6 11. Nb6 Rb8 12. Nxc8 Rfxc8 13. Bxa6 Rd8 14.
Bd3 Bd6 15. f4 e5 16. f5 Rxb2 17. g4 h6 18. h4 h5 19. gxh5 Qa5 20. Kh1 Bc5 21.
Bg5 d5 22. Bxf6 gxf6 23. a4 Kf8 24. h6 dxe4 25. h7 Ke7 26. Qc1 Qc3 27. Rb1 Rxb1
28. Qxb1 exd3 29. Qb7+ Rd7 30. Qxd7+ Kxd7 31. h8=Q dxc2 32. Kg2 Qd2+ 33. Kg3
Qe3+ 34. Rf3 Qg1+ 35. Kh3 c1=Q 36. Rd3+ Bd4 0-1

[Event "26th WSCC 2016 Open 50+"]
[Site "Marianske Lazne, Czech Republic - Hotel Cristal and Continental"]
[Date "2016.11.22"]
[Round "4.19"]
[White "Kozak, Milos"]
[Black "Schroll, Gerhard"]
[Result "1/2-1/2"]
[WhiteElo "2159"]
[BlackElo "2314"]
[PlyCount "23"]
[EventDate "2016.11.19"]

1. Nf3 f5 2. c4 Nf6 3. g3 e6 4. Bg2 Be7 5. O-O O-O 6. d4 d6 7. Nc3 a5 8. b3 Ne4
9. Bb2 Bf6 10. Rc1 Nc6 11. a3 Kh8 12. d5 1/2-1/2